00308 a2200097 4500001001000000005001700010008004100027245002200068100002800090773009200118ART_4508220260410162038.0260409a 10aTurismo y trabajo1 aBecerra, María Evelyn0 tRevista de estudios regionales y mercado de trabajog- Nº 5 (ene./dic. 2009)wREV44894